Second Order Linear Differential Equations in Banach Spaces
Na minha lista:
| Autor principal: | |
|---|---|
| Formato: | Livro |
| Idioma: | inglês |
| Publicado em: |
Amsterdam
North-Holland
1985
|
| Edição: | 1. ed. |
| Colecção: | North-Holland Mathematics Studies
10 |
| Tags: |
Sem tags, seja o primeiro a adicionar uma tag!
|
MARC
| LEADER | 00000nam a2200000 4500 | ||
|---|---|---|---|
| 001 | c033011 | ||
| 005 | 20221220082259.4 | ||
| 041 | 0 | |a eng | |
| 044 | |a NL | ||
| 245 | 1 | 0 | |a Second Order Linear Differential Equations in Banach Spaces |c Hector O. Fattorini |
| 250 | |a 1. ed. | ||
| 264 | 1 | |a Amsterdam |b North-Holland |c 1985 | |
| 300 | |a 314 s. | ||
| 490 | 1 | |a North-Holland Mathematics Studies |v 10 | |
| 830 | 0 | |a North-Holland Mathematics Studies |v 10 | |
| 100 | 1 | |a Fattorini, Hector O. | |